000 00558nam a22001817a 4500
005 20251108164924.0
008 250721s9999 xx 000 0 ara d
082 1 4 _a649.1/ودك
100 1 _aودكومستاك، ب.
245 1 0 _aالطفل كل ما يجب أن تعرفه عنه :
_bبدء الحياة البشرية /
264 1 _aبيروت :
_bمطبعة الشرق الأوسط،
_c[19-].
300 _a394ص : مص
650 1 7 _aالأطفال
650 1 7 _aالصحة
650 1 7 _aصحة الطفل
942 _2ddc
_cBK
999 _c17529
_d17529